Použitie služobných psov Policajného zboru v priamom výkone služby v roku 2007

Podrobná bibliografia
Hlavný autor: Ďurišin, Vladimír, 1958- (Autor)
Médium: Článok
Jazyk:slovenčina
Fyzický popis:Fotogr.
ISSN:1335-9282
Predmet:
On-line prístup:www.dogsk.sk

MARC

LEADER 00000nab a2200000 a 4500
001 vtls009300917
003 SK-MaSNL
005 20260304204106.0
008 080605c200804 xo r p 000 00slo
015 |a SNBRB2008/06SVKPO 
038 |a SVKPOCL 
040 |a SVKPOCL  |b slo  |c AACR2  |e AACR2 
041 |a slo 
044 |a xo  |c SK 
080 |a 636.74  |2 2001 
080 |a 351.74/.75(436.7)  |2 2001 
100 1 |a Ďurišin, Vladimír,  |d 1958-  |4 aut  |9 198701 
245 1 0 |a Použitie služobných psov Policajného zboru v priamom výkone služby v roku 2007  |c Vladimír Ďurišin 
300 |a Fotogr. 
610 1 7 |a Slovensko.  |b Policajný zbor  |2 svkpocl  |9 184368 
650 0 7 |a policajná kynológia  |2 svkpocl  |9 60142 
650 0 7 |a policajné psy  |2 svkpocl  |9 2816 
650 0 7 |a služobné psy  |2 svkpocl  |9 79340 
650 0 7 |a služobná kynológia  |2 svkpocl  |9 60143 
773 0 |t Kynologická revue  |g Roč. XIX, č. 4 (2008), s. 31-32  |x 1335-9282 
852 |a SVKPO  |b KIS3GCP 
856 4 1 |u www.dogsk.sk 
958 |a SK 
999 |c 3114277  |d 3116207